[Event "Belgrade Zimski op"]
[Site "Belgrade"]
[Date "2005.01.25"]
[Round "3"]
[White "Beciric, Dejan"]
[Black "Paulic, Branko"]
[Result "1/2-1/2"]
[WhiteElo "2066"]
[BlackElo "2233"]
[PlyCount "119"]
[EventDate "2005.01.22"]
[EventType "swiss"]
[EventRounds "9"]
[EventCountry "YUG"]
[SourceTitle "CBM 104 Extra"]
[Source "ChessBase"]
[SourceDate "2005.03.01"]
[SourceVersion "1"]
[SourceVersionDate "2005.03.01"]
[SourceQuality "1"]

1. d4 e6 2. Nf3 Nf6 3. c4 d5 4. cxd5 exd5 5. Nc3 Be7 6. Bg5 Nbd7 7. e3 c6 8. Bd3 Nf8 9. 0-0 Ne6 10. Bh4 0-0 11. Qc2 g6 12. Bxf6 Bxf6 13. b4 a6 14. a4 Qd6 15. Rab1 Bd7 16. a5 Rae8 17. Na4 Ng7 18. Nd2 Bg4 19. Nb3 Bd8 20. Nbc5 Bc7 21. g3 Bc8 22. Rfe1 f5 23. f4 Re7 24. Bf1 Rfe8 25. Qd2 Nh5 26. Nd3 Nf6 27. Ne5 Ne4 28. Qc2 Qf6 29. Nc5 Nxc5 30. Qxc5 Rg7 31. Re2 Qd8 32. Rbb2 Bd6 33. Qc3 Qe7 34. Rg2 Be6 35. Be2 Kh8 36. h4 h6 37. Bf3 Bg8 38. Rh2 Bh7 39. Qe1 Reg8 40. Rh3 g5 41. hxg5 hxg5 42. Bh5 Bxe5 43. dxe5 Rd8 44. Qc3 d4 45. Qc5 Qxc5 46. bxc5 dxe3 47. Kf1 Rd4 48. fxg5 Kg8 49. e6 Kf8 50. Bf7 Rd1+ 51. Ke2 Rd2+ 52. Rxd2 exd2 53. g6 Bxg6 54. Rh8+ Ke7 55. Re8+ Kf6 56. Rf8 Bxf7 57. Rxf7+ Rxf7 58. exf7 Kxf7 59. Kxd2 Ke6 60. Ke3 1/2-1/2

[Event "Belgrade Zimski op"]
[Site "Belgrade"]
[Date "2005.01.22"]
[Round "1"]
[White "Beciric, Dejan"]
[Black "Nestorovic, Dejan"]
[Result "0-1"]
[WhiteElo "2066"]
[BlackElo "2402"]
[PlyCount "55"]
[EventDate "2005.01.22"]
[EventType "swiss"]
[EventRounds "9"]
[EventCountry "YUG"]
[SourceTitle "CBM 104 Extra"]
[Source "ChessBase"]
[SourceDate "2005.03.01"]
[SourceVersion "1"]
[SourceVersionDate "2005.03.01"]
[SourceQuality "1"]

1. e4 c5 2. Nf3 a6 3. g3 b5 4. Bg2 Bb7 5. d3 e6 6. 0-0 Be7 7. Qe2 Nf6 8. Nc3 d5 9. exd5 Nxd5 10. Nxd5 Qxd5 11. Ne1 Qd7 12. Bxb7 Qxb7 13. Bf4 Nc6 14. Qe4 Rd8 15. Nf3 Qb6 16. c3 Bf6 17. Rfe1 0-0 18. Bg5 Be7 19. Bxe7 Nxe7 20. Ng5 Ng6 21. h4 Rd5 22. Rad1 Rfd8 23. c4 Rf5 24. Qg4 Ne5 25. Qe2 h6 26. g4 Nxg4 27. Qxg4 hxg5 28. hxg5 0-1